000 00482pab a2200169 454500
008 180718b2011 xxu||||| |||| 00| 0 eng d
100 _aStrang, Kenneth David
245 _aLeadership substitutes and personality impact on time and quality of virtual new product development projects
260 _c2011
300 _ap.73-90.
362 _aFeb
650 _aLeadership
650 _aProject management
773 _aProject Management Journal
908 _aN
909 _a92360
999 _c92360
_d92360